000 00440nam a2200157Ia 4500
008 210210b1972 xxu||||| |||| 00| 0 eng d
020 _a0 06 042984 4
082 _a546 HUHI
100 _aHUHEEY (James E).
245 _aInorganic chemistry:principles of structure & reactivity.
260 _aLondon
_bHarper International
_c1972
300 _axvi,889
650 _aInorganic Chemistry
690 _aInorganic Chemistry
906 _a032370
999 _c83549
_d83549